Statistics for Ed Sheeran - Lyrics to Give me Love

Click here to take the quiz!

General Stats

  • This quiz has been taken 314 times
  • The average score is 9 of 15

Answer Stats

Answer% Correct
___me love like herGive
97%
'Cause lately I've been ___ up alonewaking
88%
After my blood ___ into alcoholturns
71%
No, I just wanna ___ yahold
66%
And that I'll fight my ___corner
65%
We'll play hide and ___ to turn this aroundseek
62%
And all I want is the ___ that your lips allowtaste
57%
Told you I'd let ___ gothem
56%
Give a little time to me or ___ this outburn
52%
___ tonight I'll call yaMaybe
52%
Give me love like never ___before
51%
Paint ___ tear drops on my shirtsplattered
45%
And it's ___ awhile but I still feel the samebeen
36%
'Cause lately I've been ___ morecraving
35%
Maybe I should ___ you golet
34%

Score Distribution

Percentile by Number Answered

Percent of People with Each Score

Your Score History

You have not taken this quiz